INTRODUCTION TO PHARMACEUTICS-II (Record no. 6115)

MARC details
000 -LEADER
fixed length control field 00404nam a22001697a 4500
005 - DATE AND TIME OF LATEST TRANSACTION
control field 20210902152034.0
008 - FIXED-LENGTH DATA ELEMENTS--GENERAL INFORMATION
fixed length control field 200316b xxu||||| |||| 00| 0 eng d
020 ## - INTERNATIONAL STANDARD BOOK NUMBER
ISBN 9788123903392
041 ## - LANGUAGE CODE
Language code of text/sound track or separate title eng
100 ## - MAIN ENTRY--AUTHOR NAME
Personal name GUPTA, A.K
245 ## - TITLE STATEMENT
Title INTRODUCTION TO PHARMACEUTICS-II
250 ## - EDITION STATEMENT
Edition statement 4th , 2000
260 ## - PUBLICATION, DISTRIBUTION, ETC. (IMPRINT)
Place of publication NEW DELHI
Name of publisher CBS
Year of publication 2019
300 ## - PHYSICAL DESCRIPTION
Number of Pages 295;p
650 ## - SUBJECT ADDED ENTRY--TOPICAL TERM
Topical Term PHARMACY
942 ## - ADDED ENTRY ELEMENTS (KOHA)
Koha item type Books
Holdings
Lost status Damaged status Collection code Home library Current library Shelving location Date acquired Source of acquisition Cost, normal purchase price Accession Number Koha item type
    PHARMACY JRU Library JRU Library Shelf - 23- C 16/03/2020 PURCHESS 295.00 23839 Books